| 000 | 00450nam a2200121Ia 4500 | ||
|---|---|---|---|
| 008 | 170221s9999 xx 000 0 und d | ||
| 100 | _aYi Dong | ||
| 245 | 4 | _aThe Impact of NASD Rule 2711 and NYSE Rule 472 on Analyst Behavior: The Strategic Timing of Recommendations Issued on Weekends (pages 950–975) | |
| 245 | _cYi Dong and Nan Hu | ||
| 260 | _c2011 | ||
| 650 | _xBusiness | ||
| 856 | _uhttp://onlinelibrary.wiley.com/doi/10.1111/jbfa.12211/pdf | ||
| 999 |
_c309811 _d309811 |
||